Kalkulácia nákladov podľa čiastkových činností metóda Activity based costing

Gespeichert in:
Bibliographische Detailangaben
1. Verfasser: Tóth, Miroslav, 1961-
Körperschaft: Ekonomická univerzita v Bratislave. Fakulta podnikového manažmentu
Format: Buch
Sprache:Slowakisch
Veröffentlicht: Bratislava Vydavateľstvo EKONÓM 2004
Schlagworte:
Tags: Tag hinzufügen
Keine Tags, Fügen Sie das erste Tag hinzu!

MARC

LEADER 00000nam$a2200000$$$4500
001 0022846
005 20240502071414.7
020 |a 80-225-1909-X 
041 0 |a slo 
044 |a SK 
245 1 0 |a Kalkulácia nákladov podľa čiastkových činností  |b metóda Activity based costing  |c Miroslav Tóth 
264 1 |a Bratislava  |b Vydavateľstvo EKONÓM  |c 2004 
300 |a 112 s. 
610 2 0 |a náklady 
610 2 0 |a kalkulácia nákladov 
610 2 0 |a metódy 
610 2 0 |a podnik 
610 2 0 |a rozpočtovanie 
610 2 0 |a bilancie 
100 1 |a Tóth, Miroslav, 1961- 
710 2 |a Ekonomická univerzita v Bratislave. Fakulta podnikového manažmentu